000 00308nam a2200097Ia 4500
008 240331s9999 xx 000 0 und d
082 _bTAS
100 _aLSSP. ed
245 4 _aThe tasks ahead-Lanka Sama samaja party the P.A government :
_bdocuments statement and press releases of the LSSP 1994-1996
942 _cL
999 _c2530
_d2530